000 00842nam a22002657a 4500
003 DO-SdBNP
005 20231002111157.0
008 171108b2001 sp 00| 0 spa d
020 _a8425335515
040 _aBPMSU
_bspa
_cBPMSU
082 _a133.9
_bA466p 2001
_222
100 1 _aAltea, Rosemary
240 1 0 _aYou own the power. Stories and exercices to inspire and unleash the force within.
_lEspañol
245 1 0 _aEl Poder del espíritu /
_cRosemary Altea ; traducción: Quim Sales.
260 _aBarcelona :
_bGrijalbo,
_c2001
300 _a344 p. ;
_c22 cm
490 1 _aLlave azul.
650 4 _aEspiritismo
650 4 _aComunicación con los muertos
_xCasos.
700 1 2 _aSales, Quim
_etr.
830 0 _a Llave azul.
942 _2ddc
_cBK
945 _aInventariado extranjero /2017 BT
956 _aLOPEREZ
_b10
_c20111108
_d0041
999 _c12814
_d12814